ՀՀ Գիտությունների ազգային ակադեմիայի հիմնարար գիտական գրադարան  =   Fundamental Scientific Library of NAS RA

Песни, стихи, поэмы / (Record no. 283068)

MARC details
000 -LEADER
fixed length control field 00898nam a2200229 u 4500
001 - CONTROL NUMBER
control field 000771609
003 - CONTROL NUMBER IDENTIFIER
control field AM-YeHGA
005 - DATE AND TIME OF LATEST TRANSACTION
control field 20250617143854.0
008 - FIXED-LENGTH DATA ELEMENTS--GENERAL INFORMATION
fixed length control field 101115s1971 ||||||||||||||||||||rus|c
040 ## - CATALOGING SOURCE
Original cataloging agency AM-YeHGA
041 1# - LANGUAGE CODE
Language code of text/sound track or separate title rus
Language code of original fre
090 ## - LOCALLY ASSIGNED LC-TYPE CALL NUMBER (OCLC); LOCAL CALL NUMBER (RLIN)
-- 284728
100 1# - MAIN ENTRY--PERSONAL NAME
Personal name Потье, Эжен
245 10 - TITLE STATEMENT
Title Песни, стихи, поэмы /
Statement of responsibility, etc. Эжен Потье; Пер. и вступ. ст. А. Гатова; АН СССР. Ин-т мировой лит. им. А.М. Горького.
250 ## - EDITION STATEMENT
Edition statement 2-е изд., испр. и доп.
260 ## - PUBLICATION, DISTRIBUTION, ETC.
Place of publication, distribution, etc. Москва :
Name of publisher, distributor, etc. Наука,
Date of publication, distribution, etc. 1971.
300 ## - PHYSICAL DESCRIPTION
Extent портр.
653 0# - INDEX TERM--UNCONTROLLED
Uncontrolled term Французская поэзия
700 1# - ADDED ENTRY--PERSONAL NAME
Personal name Гатов, Александр
Relator term пер.
Relationship trl
710 2# - ADDED ENTRY--CORPORATE NAME
Corporate name or jurisdiction name as entry element Академия наук СССР
710 2# - ADDED ENTRY--CORPORATE NAME
Corporate name or jurisdiction name as entry element Институт мировой литературы им. А.М. Горького АН СССР
Holdings
Withdrawn status Lost status Damaged status Not for loan Collection Home library Current library Date acquired Total checkouts Full call number Barcode Date last seen Price effective from Koha item type Public note
        General Fundamental Scientific Library Fundamental Scientific Library 29/12/2016   PI/27020 FL0172391 29/12/2016 29/12/2016 Գրքեր / Books 30 Days Loan


ՀՀ ԳԱԱ հիմնարար գիտական գրադարան
ՀՀ,Երևան 0019
Մարշալ Բաղրամյան 24/6
հեռախոս:(374-10) 52-47-50
Հետադարձ կապ

All site content, except where otherwise noted, is licensed under a
Creative Commons License